Daily Capital City Riddle #18 - Statistics

General Stats
  • This quiz has been taken 73 times
  • The average score is 29 of 38
Answer Stats
Type Answer % Correct
Found Letter A
100%
Found Letter L
100%
Alphabet Letter N
100%
Alphabet Letter R
100%
Alphabet Letter B
98%
Found Letter I
98%
Alphabet Letter S
98%
Found Letter T
98%
Found Letter E
97%
Alphabet Letter O
97%
Alphabet Letter D
95%
Found Letter G
93%
Found Letter C
90%
Alphabet Letter H
90%
Found Letter U
90%
Correctly Placed Letter A
88%
Alphabet Letter W
88%
Found Letter P
86%
Alphabet Letter M
84%
Alphabet Letter K
81%
Correctly Placed Letter G
79%
Correctly Placed Letter E
78%
Alphabet Letter V
74%
Alphabet Letter Y
74%
Alphabet Letter J
64%
Correctly Placed Letter G
62%
Alphabet Letter Z
60%
Correctly Placed Letter T
59%
Alphabet Letter X
55%
Correctly Placed Letter C
53%
Correctly Placed Letter I
52%
Alphabet Letter Q
50%
Alphabet Letter F
47%
Correctly Placed Letter U
47%
Correctly Placed Letter L
45%
Correctly Placed Letter A
41%
Correctly Placed Letter P
41%
Mystery Capital Tegucigalpa
41%
No matching quizzes found
Score Distribution
Percent of People with Each Score
Percentile by Number Answered
Your Score History
You have not taken this quiz